| Tag |
First Indicator |
Second Indicator |
Subfields |
| LEADER |
00000cam a22000001a 4500 |
| 001 |
in00002782434 |
| 006 |
m |o d | |
| 007 |
cr |n||||||||| |
| 008 |
121129s2012 ne ab ob 001 0 eng d |
| 005 |
20250816210423.5 |
| 020 |
|
|
|a 9789027273048 (electronic bk.)
|
| 020 |
|
|
|a 9027273049 (electronic bk.)
|
| 020 |
|
|
|z 9789027224538 (hbk. : alk. paper)
|
| 020 |
|
|
|z 9027224536 (hbk. : alk. paper)
|
| 035 |
|
|
|a (NhCcYBP)ebr10613339
|
| 040 |
|
|
|a NhCcYBP
|c NhCcYBP
|d UtOrBLW
|
| 050 |
|
4 |
|a P306.97.P65
|b P65 2012
|
| 072 |
|
7 |
|a P
|2 lcco
|
| 072 |
|
7 |
|a PN
|2 lcco
|
| 082 |
0 |
4 |
|a 418/.04
|2 23
|
| 100 |
1 |
|
|a Pokorn, Nike K.
|q (Nike Kocijančič)
|
| 245 |
1 |
0 |
|a Post-socialist translation practices :
|b ideological struggle in children's literature /
|c Nike K. Pokorn.
|
| 264 |
|
1 |
|a Amsterdam ;
|a Philadelphia :
|b John Benjamins,
|c 2c012.
|
| 300 |
|
|
|a 1 online resource.
|
| 336 |
|
|
|a text
|b txt
|2 rdacontent
|
| 337 |
|
|
|a computer
|b c
|2 rdamedia
|
| 338 |
|
|
|a online resource
|b cr
|2 rdacarrier
|
| 490 |
1 |
|
|a Benjamins translation library ;
|v v. 103.
|a EST subseries
|
| 504 |
|
|
|a Includes bibliographical references (pages 159-171, 173-184) and index.
|
| 505 |
0 |
|
|a Machine generated contents note: The voice of the East: Towards a Post-Socialist Translation Studies? -- Eclectic and paradoxical frameworks -- The historical background as reflected in translations -- From mediaeval times to Austria-Hungary -- The interwar period -- The Second World War -- The early post-war period -- Yugoslav Communists and the Church -- The organisation of the Slovene and Yugoslav Communist Parties -- Socialist publishing houses -- From self-management to independence -- Yugoslav wars and their consequences -- The export of Slovene children's literature -- The corpus of retranslated texts -- Stylistic reasons and problematic translators -- Re-translations for stylistic and linguistic reasons -- The Jungle Books -- Re-translations triggered by "problematic" and unacceptable translators -- Pinocchio -- The Adventures of Tom Sawyer -- Punktchen und Anton -- Fairy tales without unhealthy additions -- Cinderella -- Snow-White and Rose-Red -- Andersen's Little Match Girl -- Children's best-sellers -- Bambi -- Winnetou -- The Story and the Death of Kleki-petra -- Ave Maria -- Heidi -- Treasure Island -- Adapted literature for adults -- Uncle Tom's Cabin or Life among the Lowly -- Robinson Crusoe -- Michel Strogoff -- Translations in Slovene primary school textbooks and readers -- Translation has always been a political matter -- The results of the analysis -- Censorial mechanisms -- The interviews -- Self-Censorship -- Avoidance of sanctions -- Internalisation of ideological dictates -- Conscious support for Communist ideology.
|
| 588 |
|
|
|a Description based on print version record.
|
| 500 |
|
|
|a Electronic resource.
|
| 650 |
|
0 |
|a Translating and interpreting
|x Political aspects.
|
| 650 |
|
0 |
|a Children's literature
|x Translations
|x History and criticism.
|
| 650 |
|
0 |
|a National socialism and literature.
|
| 650 |
|
0 |
|a Communism and literature.
|
| 650 |
|
0 |
|a Literature and state.
|
| 655 |
|
7 |
|a Electronic books.
|2 local
|
| 710 |
2 |
|
|a ebrary, Inc.
|
| 776 |
1 |
8 |
|c Original
|z 9789027224538
|z 9027224536
|w (DLC) 2012031898
|
| 830 |
|
0 |
|a Benjamins translation library ;
|v v. 103.
|
| 830 |
|
0 |
|a Benjamins translation library.
|p EST subseries.
|
| 856 |
4 |
0 |
|u https://ebookcentral.proquest.com/lib/tamucs/detail.action?docID=1043404
|y Connect to the full text of this electronic book
|t 0
|
| 955 |
|
|
|a YBP purchased DDA e-records
|
| 980 |
|
|
|b 192.00
|g 1
|
| 999 |
f |
f |
|s 24890308-39ec-3326-888f-42bf32f74afb
|i 105f10f9-f477-3813-ab31-f8b66540c372
|t 0
|
| 999 |
|
|
|a MARS
|
| 952 |
f |
f |
|a Texas A&M University
|b College Station
|c Electronic Resources
|d Available Online
|t 0
|e P306.97.P65 P65 2012
|h Library of Congress classification
|
| 998 |
f |
f |
|a P306.97.P65 P65 2012
|t 0
|l Available Online
|